| 000 | 00680nam a22002417a 4500 | ||
|---|---|---|---|
| 001 | 35095 | ||
| 003 | UA-OsUOA | ||
| 005 | 20210809105837.0 | ||
| 007 | ta | ||
| 008 | 20051107b un ||||| |||| 00| 0 ukr d | ||
| 020 | _a9667173135 | ||
| 040 |
_aUA-OsUOA _bukr _cUA-OsUOA _dUA-OsUOA |
||
| 041 | _aukr | ||
| 080 | _a81.374.3 | ||
| 090 | _a81.374.3 | ||
| 245 | _aНовий тлумачний словник української мови | ||
| 260 |
_aК. _bАконіт _c2003 |
||
| 300 | _a863 с. | ||
| 505 | _gТ.3 | ||
| 650 | 7 |
_a8 Мовознавство. Художня література. Літературознавство _2UDC |
|
| 942 |
_cBK _2udc |
||
| 955 | _a7 | ||
| 999 |
_c321475 _d321475 |
||